000 00274nam a2200121Ia 4500
008 190216s9999||||xx |||||||||||||| ||und||
100 _aJohn Connell
245 0 _aReturn To Treasure Island
260 _bLongmans
_c1963
300 _a94p
650 _aSpeeches
942 _cBK
999 _c11778
_d11778